| 000 | 00377nam a2200109Ia 4500 | ||
|---|---|---|---|
| 999 |
_c11359 _d11359 |
||
| 082 | _aRR 016.3120954 CEN | ||
| 245 | 0 | _aCensus publications 1961, Released utpo end of July, 1969 : Supplement to Bulletin No.2 of 1969 | |
| 260 |
_aNew Delhi _bOffice of the Registrar General, Ministr _c1970 |
||
| 300 | _a154p. | ||
| 710 | _aIndia. Office of the Registrar General | ||
| 942 |
_cBK _2ddc |
||